Traffic engineering and transport planning
Kaydedildi:
| Yazar: | |
|---|---|
| Materyal Türü: | Kitap |
| Dil: | İngilizce |
| Baskı/Yayın Bilgisi: |
Khanna Publishers
2013
|
| Etiketler: |
Etiketle
Etiket eklenmemiş, İlk siz ekleyin!
|
MARC
| LEADER | 00000nam a22000007a 4500 | ||
|---|---|---|---|
| 008 | 240220b |||||||| |||| 00| 0 eng d | ||
| 020 | |a 817409220x | ||
| 100 | |a KADIYALI,L.R. | ||
| 245 | |a Traffic engineering and transport planning |c /L.R.Kadiyali |g xxiv,913p;ill | ||
| 250 | |b 8th | ||
| 260 | |b Khanna Publishers |c 2013 |h New Delhi |i 701737 |i 701738 |i 701739 |l HE333.K11 |m Traffic engineering |m Highway engineering |m Urban transportation- Planning |m Transportation-Planning | ||
| 500 | |a it includes index | ||
| 942 | |a lcc |c BK |e Johnson |f 20/02/24 | ||
| 952 | |0 0 |1 0 |2 lcc |4 0 |6 HE0333 K11 |7 0 |9 4845 |a SSL |b HOL |c GJ |d 2024-02-20 |l 0 |o HE333.K11 |p 2024-0098 |r 2024-02-20 00:00:00 |t 701737 |w 2024-02-20 |y BK | ||
| 952 | |0 0 |1 0 |2 lcc |4 0 |6 HE0333 K11 |7 0 |9 4846 |a SSL |b HOL |c GJ |d 2024-02-20 |l 0 |o HE333.K11 |p 2024-0099 |r 2024-02-20 00:00:00 |t 701738 |w 2024-02-20 |y BK | ||
| 952 | |0 0 |1 0 |2 lcc |4 0 |6 HE0333 K11 |7 0 |9 4847 |a HOL |b HOL |c GJ |d 2024-02-20 |l 0 |o HE333.K11 |p 2024-0100 |r 2024-02-20 00:00:00 |t 701739 |w 2024-02-20 |y BK | ||
| 999 | |c 2417 |d 2417 | ||